[Event "Madrid ch Veteranos 2012-2013"]
[Site "Madrid ESP"]
[Date "2012.11.16"]
[Round "9.10"]
[White "Perez Cristobal, Alberto"]
[Black "Garcia Martin, Juan Manuel"]
[Result "1-0"]
[WhiteElo "1728"]
[BlackElo "1874"]
[PlyCount "59"]
[EventDate "2012.11.05"]
[EventType "swiss"]
[EventRounds "9"]
[EventCountry "ESP"]
[Source "lmi"]
[SourceDate "2012.11.05"]

1. e4 d5 2. exd5 Nf6 3. Nf3 Bg4 4. Bb5+ Nbd7 5. d4 Nxd5 6. c3 c6 7. Be2 Qc7 8.
Ne5 Bxe2 9. Qxe2 Nxe5 10. dxe5 e6 11. O-O h5 12. c4 Ne7 13. Nd2 Nf5 14. Nf3 Bc5
15. Bg5 Be7 16. Rad1 O-O 17. Rd3 Rad8 18. Rfd1 Rxd3 19. Rxd3 Rd8 20. Bxe7 Qxe7
21. Qd1 Rxd3 22. Qxd3 Kf8 23. Kf1 Ke8 24. Qd2 Qc5 25. b3 a5 26. h3 a4 27. Qc2
axb3 28. axb3 Nd4 29. Qa2 Kd7 30. Qd2 1-0

[Event "Madrid ch Veteranos 2012-2013"]
[Site "Madrid ESP"]
[Date "2012.11.16"]
[Round "9.11"]
[White "Osorio Ramos, Francisco"]
[Black "Fernandez- Bujarrabal V., Pedr"]
[Result "1-0"]
[WhiteElo "1831"]
[BlackElo "1677"]
[PlyCount "115"]
[EventDate "2012.11.05"]
[EventType "swiss"]
[EventRounds "9"]
[EventCountry "ESP"]
[Source "lmi"]
[SourceDate "2012.11.05"]

1. c4 e5 2. Nc3 Nf6 3. g3 d5 4. cxd5 Nxd5 5. Bg2 Be6 6. Nf3 f6 7. O-O Nc6 8. d4
exd4 9. Nxd4 Nxd4 10. Qxd4 c6 11. Nxd5 cxd5 12. Rd1 Qa5 13. Bxd5 Bxd5 14. Qxd5
Qxd5 15. Rxd5 Rc8 16. Be3 b6 17. Rad1 h5 18. h4 Rg8 19. Rxh5 g6 20. Rhd5 Rg7
21. Bh6 Rgc7 22. Bxf8 Kxf8 23. Rd8+ Ke7 24. Rxc8 Rxc8 25. Rd2 a5 26. a4 Rc5 27.
Kg2 b5 28. axb5 Rxb5 29. g4 Rb4 30. Kg3 a4 31. e3 Rb3 32. Rd4 Rxb2 33. Rxa4 Rb5
34. f4 Ke6 35. Ra6+ Kf7 36. g5 fxg5 37. hxg5 Rc5 38. Rf6+ Kg7 39. Rd6 Rc3 40.
Rd7+ Kf8 41. Kf3 Rc5 42. Ke4 Ra5 43. Rd5 Ra3 44. Kd4 Ra4+ 45. Ke5 Kg7 46. e4
Ra1 47. f5 gxf5 48. exf5 Re1+ 49. Kd4 Rg1 50. Rd7+ Kf8 51. Ke5 Ke8 52. Rg7 Kf8
53. Kf6 Ra1 54. Kg6 Ra6+ 55. f6 Ra1 56. Rb7 Ra8 57. Rh7 Kg8 58. f7+ 1-0

[Event "Madrid ch Veteranos 2012-2013"]
[Site "Madrid ESP"]
[Date "2012.11.16"]
[Round "9.12"]
[White "Rodriguez Lopez-Canizares, Fco"]
[Black "Martinez Rubio, Felipe"]
[Result "1/2-1/2"]
[WhiteElo "1647"]
[BlackElo "1815"]
[PlyCount "97"]
[EventDate "2012.11.05"]
[EventType "swiss"]
[EventRounds "9"]
[EventCountry "ESP"]
[Source "lmi"]
[SourceDate "2012.11.05"]

1. e4 c5 2. Nc3 e6 3. f4 Nc6 4. Nf3 Nge7 5. Bc4 a6 6. a3 b5 7. Ba2 g6 8. O-O
Bg7 9. d3 O-O 10. Be3 d6 11. Qd2 Nd4 12. Rab1 Bb7 13. Ne2 Nxe2+ 14. Qxe2 Rc8
15. Qf2 Qc7 16. Ng5 d5 17. e5 Nf5 18. g4 Nxe3 19. Qxe3 Qc6 20. Qf3 h6 21. Nh3
Qd7 22. Nf2 Qe7 23. Qg3 f6 24. h4 fxe5 25. fxe5 g5 26. h5 Rf7 27. c3 Rcf8 28.
d4 cxd4 29. cxd4 Rf3 30. Qg2 b4 31. b3 bxa3 32. Rbd1 Qb4 33. Rd3 Rxd3 34. Nxd3
Qxd4+ 35. Nf2 Bxe5 36. Re1 Qc3 37. Qf1 Rf3 38. Qe2 Rg3+ 39. Kf1 d4 40. Qxe5
Bg2+ 41. Kg1 Bd5+ 42. Kf1 Qf3 43. Qb8+ Kf7 44. Qc7+ Ke8 45. Qc8+ Ke7 46. Qc7+
Ke8 47. Qc8+ Kf7 48. Qc7+ Kf6 49. Qe5+ 1/2-1/2

[Event "Madrid ch Veteranos 2012-2013"]
[Site "Madrid ESP"]
[Date "2012.11.16"]
[Round "9.13"]
[White "Garcia Lopez, Pedro"]
[Black "Martinez Carrasco, Jesus"]
[Result "1-0"]
[WhiteElo "1779"]
[BlackElo "1590"]
[PlyCount "93"]
[EventDate "2012.11.05"]
[EventType "swiss"]
[EventRounds "9"]
[EventCountry "ESP"]
[Source "lmi"]
[SourceDate "2012.11.05"]

1. d4 d5 2. Nf3 Nf6 3. c4 e6 4. a3 Be7 5. Nc3 c6 6. e3 O-O 7. h3 Nbd7 8. cxd5
Nxd5 9. Bd3 Re8 10. O-O Bf8 11. e4 Nxc3 12. bxc3 g6 13. Bf4 Bg7 14. Qd2 e5 15.
Bh6 exd4 16. Bxg7 Kxg7 17. cxd4 Nf8 18. Rfe1 Be6 19. Qc3 Kg8 20. Rad1 Qc8 21.
Ng5 Qd8 22. f4 h6 23. Nf3 Qf6 24. Qd2 Qg7 25. Qf2 a6 26. Nh4 Rad8 27. Bc2 Rd7
28. f5 Bc4 29. e5 Bd5 30. Rd3 g5 31. f6 Qh8 32. Nf5 Ng6 33. g3 Be6 34. Ng7 Red8
35. Nxe6 fxe6 36. Rdd1 Kf7 37. Qe3 Nf8 38. h4 gxh4 39. gxh4 Qg8+ 40. Kh2 Qh8
41. Rg1 Ke8 42. Qf3 h5 43. Qe3 Rf7 44. Rg6 Rdd7 45. Rdg1 Rd5 46. Rg8 Qxg8 47.
Rxg8 1-0

[Event "Madrid ch Veteranos 2012-2013"]
[Site "Madrid ESP"]
[Date "2012.11.16"]
[Round "9.14"]
[White "Martinez Miura, Enrique"]
[Black "Salgado Duarte, Pablo"]
[Result "1-0"]
[WhiteElo "1735"]
[BlackElo "1603"]
[PlyCount "96"]
[EventDate "2012.11.05"]
[EventType "swiss"]
[EventRounds "9"]
[EventCountry "ESP"]
[Source "lmi"]
[SourceDate "2012.11.05"]

1. e4 e5 2. Nf3 Nc6 3. Bb5 d6 4. d4 Bd7 5. d5 Nce7 6. Bxd7+ Qxd7 7. c4 Nf6 8.
Nc3 Ng6 9. O-O Be7 10. h3 O-O 11. Be3 c6 12. Qe2 cxd5 13. cxd5 a6 14. Nd2 b5
15. a3 Rfc8 16. Rfc1 h6 17. Nb3 Bd8 18. Qd3 Nh5 19. Ne2 Nf6 20. Rc3 Rxc3 21.
Nxc3 Ne7 22. f4 Nc8 23. fxe5 dxe5 24. Kh1 Nb6 25. Nd2 Rc8 26. Qe2 Nc4 27. Nxc4
Rxc4 28. Qf3 a5 29. Bf2 Ne8 30. Qd3 Nd6 31. b3 Rc8 32. Rc1 b4 33. axb4 axb4 34.
Ne2 Rxc1+ 35. Nxc1 Qc7 36. Na2 Qa5 37. Qc2 Kh7 38. Bc5 Qa6 39. Nxb4 Qf1+ 40.
Kh2 Qf4+ 41. g3 Qxe4 42. Bxd6 Qxc2+ 43. Nxc2 f6 44. Bb8 Kg8 45. d6 Kf7 46. Bc7
Ke8 47. Ne3 Kd7 48. Bxd8 Kxd8 1-0

[Event "Madrid ch Veteranos 2012-2013"]
[Site "Madrid ESP"]
[Date "2012.11.16"]
[Round "9.16"]
[White "Martinez Martinez, Antonio"]
[Black "Maseda Iglesias, Luis"]
[Result "0-1"]
[WhiteElo "1659"]
[BlackElo "1741"]
[PlyCount "78"]
[EventDate "2012.11.05"]
[EventType "swiss"]
[EventRounds "9"]
[EventCountry "ESP"]
[Source "lmi"]
[SourceDate "2012.11.05"]

1. e4 e6 2. Nf3 d5 3. e5 c5 4. c3 Nc6 5. d4 Qb6 6. Na3 Bd7 7. Nc2 cxd4 8. cxd4
Nge7 9. Bd3 Nf5 10. Bxf5 exf5 11. b3 Be7 12. Bf4 h6 13. h4 O-O 14. h5 Nd8 15.
O-O Ne6 16. Qd2 Rfc8 17. Rfc1 Rc7 18. Bg3 Rac8 19. Nh4 f4 20. Nf5 Bg5 21. Bh4
Bxh4 22. Nxh4 Ng5 23. Kh2 Ne4 24. Qe2 Bb5 25. Qg4 Nxf2 26. Qxf4 Nd3 27. Qd2
Nxc1 28. Rxc1 Bd7 29. Nf3 Bf5 30. Nfe1 Rc3 31. Qe2 Qc6 32. g4 Bxc2 33. Kg1 Be4
34. Rd1 Rh3 35. Ng2 Qc3 36. Re1 Qxd4+ 37. Ne3 Rc2 38. Qb5 Rg2+ 39. Kf1 Rh1# 0-1

[Event "Madrid ch Veteranos 2012-2013"]
[Site "Madrid ESP"]
[Date "2012.11.16"]
[Round "9.17"]
[White "Alvarez Escudero, Manuel"]
[Black "Algaba Traspuesto, Jose Antoni"]
[Result "1-0"]
[WhiteElo "1803"]
[BlackElo "1625"]
[PlyCount "45"]
[EventDate "2012.11.05"]
[EventType "swiss"]
[EventRounds "9"]
[EventCountry "ESP"]
[Source "lmi"]
[SourceDate "2012.11.05"]

1. e4 c5 2. Nf3 g6 3. c3 Bg7 4. d4 cxd4 5. Nxd4 Nc6 6. Be3 Nf6 7. Bd3 O-O 8.
O-O d5 9. Nxc6 bxc6 10. Nd2 Qc7 11. f4 Rd8 12. Qc2 c5 13. e5 Ng4 14. Bf2 Nxf2
15. Rxf2 c4 16. Be2 Bf5 17. Qc1 Rab8 18. Nf3 Bg4 19. Nd4 Bxe2 20. Rxe2 e6 21.
Qc2 Bf8 22. Qa4 Bc5 23. Rd1 1-0

[Event "Madrid ch Veteranos 2012-2013"]
[Site "Madrid ESP"]
[Date "2012.11.16"]
[Round "9.18"]
[White "Martin Rodriguez, Jose Luis"]
[Black "Veuthey Martinez, Eloy"]
[Result "0-1"]
[WhiteElo "1398"]
[BlackElo "1570"]
[PlyCount "140"]
[EventDate "2012.11.05"]
[EventType "swiss"]
[EventRounds "9"]
[EventCountry "ESP"]
[Source "lmi"]
[SourceDate "2012.11.05"]

1. e4 d6 2. d4 Nf6 3. Nc3 e5 4. dxe5 dxe5 5. Qxd8+ Kxd8 6. Nf3 Bd6 7. Bc4 Be6
8. Bxe6 fxe6 9. O-O Ke7 10. a3 Nc6 11. Rd1 Rhd8 12. Bg5 Nd4 13. Nxd4 exd4 14.
Ne2 e5 15. Ng3 Ke6 16. Rd3 Rf8 17. Rad1 h6 18. Bd2 c5 19. c4 a6 20. f3 b5 21.
b3 bxc4 22. bxc4 Rab8 23. Be1 Rb2 24. Nf5 Nh5 25. g3 Rf7 26. R3d2 Rbb7 27. Kg2
g6 28. Nxh6 Rh7 29. Ng4 Be7 30. Nf2 Bg5 31. Rc2 Be3 32. Nd3 Kd6 33. Bd2 Bxd2
34. Rdxd2 Rb3 35. a4 Rhb7 36. Kh3 Nf6 37. Kh4 Rf7 38. Rb2 Rxb2 39. Rxb2 Nd7 40.
Kg5 Rxf3 41. Nf2 Ra3 42. Kxg6 Rxa4 43. h4 Ra3 44. g4 Rc3 45. h5 Rxc4 46. h6 Rc1
47. Kf7 d3 48. Rd2 c4 49. h7 Rc2 50. Rxd3+ cxd3 51. Nxd3 Rh2 52. Kg7 Nf6 53.
h8=Q Rxh8 54. Kxh8 Nxg4 55. Kg7 a5 56. Kg6 a4 57. Kg5 a3 58. Nc1 Nf2 59. Kh4
Nd3 60. Na2 Nc5 61. Nc3 Nxe4 62. Nb5+ Kc5 63. Nxa3 Kd4 64. Kg4 Nd2 65. Nb5+ Kd3
66. Nd6 Nc4 67. Nxc4 Kxc4 68. Kf3 Kd3 69. Kf2 e4 70. Ke1 Ke3 0-1

[Event "Madrid ch Veteranos 2012-2013"]
[Site "Madrid ESP"]
[Date "2012.11.16"]
[Round "9.19"]
[White "Roldan Garcia, Angel"]
[Black "Pardinas Riano, Emilio"]
[Result "1/2-1/2"]
[WhiteElo "1755"]
[BlackElo "1728"]
[PlyCount "24"]
[EventDate "2012.11.05"]
[EventType "swiss"]
[EventRounds "9"]
[EventCountry "ESP"]
[Source "lmi"]
[SourceDate "2012.11.05"]

1. e4 c5 2. Nc3 d6 3. Nf3 Nf6 4. e5 dxe5 5. Nxe5 e6 6. Bb5+ Bd7 7. Nxd7 Nbxd7
8. d4 cxd4 9. Qxd4 Be7 10. O-O O-O 11. Bg5 h6 12. Bh4 Nb6 1/2-1/2

[Event "Madrid ch Veteranos 2012-2013"]
[Site "Madrid ESP"]
[Date "2012.11.16"]
[Round "9.21"]
[White "Alfageme Sanchez, Jesus"]
[Black "Perez Carballeira, Francisco"]
[Result "1-0"]
[WhiteElo "1720"]
[BlackElo "1608"]
[PlyCount "59"]
[EventDate "2012.11.05"]
[EventType "swiss"]
[EventRounds "9"]
[EventCountry "ESP"]
[Source "lmi"]
[SourceDate "2012.11.05"]

1. e4 c6 2. d4 d5 3. e5 Bf5 4. Bd3 Bxd3 5. Qxd3 e6 6. Nf3 Nd7 7. O-O h6 8. b3
Qc7 9. c4 Ne7 10. Nh4 g5 11. Nf3 dxc4 12. bxc4 Ng6 13. h3 Be7 14. Nc3 Nb6 15.
c5 Nd7 16. Ne4 O-O 17. Nh2 Qd8 18. Ng4 Kg7 19. f4 h5 20. Nh2 gxf4 21. Bxf4 Nxf4
22. Rxf4 f5 23. exf6+ Nxf6 24. Nxf6 Rxf6 25. Rxf6 Bxf6 26. Qg3+ Kf7 27. Rf1
Qxd4+ 28. Kh1 Rd8 29. Nf3 Qd3 30. Ne5+ 1-0

[Event "Madrid ch Veteranos 2012-2013"]
[Site "Madrid ESP"]
[Date "2012.11.16"]
[Round "9.22"]
[White "Arias De Reina Martinez, Francisco"]
[Black "Sanchez Lucena, Juan"]
[Result "0-1"]
[WhiteElo "1623"]
[BlackElo "1411"]
[PlyCount "112"]
[EventDate "2012.11.05"]
[EventType "swiss"]
[EventRounds "9"]
[EventCountry "ESP"]
[Source "lmi"]
[SourceDate "2012.11.05"]

1. c4 e5 2. Nc3 Nc6 3. g3 b6 4. Bg2 Bb7 5. e3 Rb8 6. d3 Nge7 7. Nge2 Ng6 8. O-O
Bc5 9. a3 a5 10. Bd2 O-O 11. Rb1 Re8 12. Nd5 Nce7 13. Nec3 c6 14. Nxe7+ Nxe7
15. b4 axb4 16. axb4 Bd6 17. c5 bxc5 18. Ne4 Bc7 19. bxc5 Ba6 20. Qc2 Rxb1 21.
Rxb1 Bb5 22. Nc3 Ba6 23. Na4 Bb5 24. Nc3 Ba6 25. Na4 d5 26. cxd6 Qxd6 27. Nc5
Bb5 28. Bb4 Qd8 29. Rd1 Nd5 30. Ba3 Qc8 31. d4 Qa8 32. Qc1 exd4 33. Rxd4 Be5
34. Rd2 Nc3 35. Bf1 Bxf1 36. Kxf1 Nb5 37. Bb2 Bxb2 38. Qxb2 h6 39. Qa2 Qxa2 40.
Rxa2 Nc3 41. Rc2 Nd5 42. Ke2 Rc8 43. Nd3 f6 44. e4 Ne7 45. Ke3 Kf7 46. Nc5 Re8
47. f4 Nd5+ 48. Kf3 Nb4 49. Rb2 Rb8 50. e5 fxe5 51. fxe5 Rb5 52. Ke4 Rxc5 53.
Rxb4 Ke6 54. Rd4 Rxe5+ 55. Kf4 g5+ 56. Kf3 Rd5 0-1

[Event "Madrid ch Veteranos 2012-2013"]
[Site "Madrid ESP"]
[Date "2012.11.16"]
[Round "9.23"]
[White "Infante Martin, Alonso"]
[Black "Jaumandreu Llopis, Antonio"]
[Result "1-0"]
[WhiteElo "1510"]
[BlackElo "1553"]
[PlyCount "79"]
[EventDate "2012.11.05"]
[EventType "swiss"]
[EventRounds "9"]
[EventCountry "ESP"]
[Source "lmi"]
[SourceDate "2012.11.05"]

1. d4 Nf6 2. c4 d5 3. f3 e6 4. cxd5 exd5 5. Nc3 Bb4 6. Qc2 Qe7 7. Bg5 Nbd7 8.
a3 Bxc3+ 9. Qxc3 c6 10. Qc2 h6 11. Bh4 g5 12. Bf2 O-O 13. e3 Re8 14. Bd3 Nf8
15. Ne2 Bd7 16. Ng3 Rac8 17. O-O c5 18. Rfe1 c4 19. Bf5 Rc6 20. Bxd7 Qxd7 21.
e4 b5 22. e5 N6h7 23. Nf5 a6 24. g4 Kh8 25. Kg2 Rg6 26. h4 gxh4 27. Nxh4 Rg8
28. Rh1 h5 29. Qf5 Qxf5 30. Nxf5 hxg4 31. f4 Ne6 32. Kg3 Ng7 33. Kxg4 Re6 34.
Bh4 Nxf5+ 35. Kxf5 Rgg6 36. Bf6+ Kg8 37. Rag1 c3 38. Rxg6+ fxg6+ 39. Kxe6 cxb2
40. Rb1 1-0